Así vivían en la Grecia antigua

Saved in:
Bibliografiske detaljer
Hovedforfatter: López Melero, Raquel (autora)
Format: Bog
Sprog:spansk
Udgivet: Madrid Anaya 1990
Serier:Colección: Biblioteca Básica. Serie: Historia vida cotidiana
Fag:
Tags: Tilføj Tag
Ingen Tags, Vær først til at tagge denne postø!

MARC

LEADER 00000nam a2200000 a 4500
001 UCX2863
003 CL-VaPUC
008 910827e19900000SP |||||||||||||||||spa|d
082 0 4 |a 938  |b LOP  |2 21 
100 |a López Melero, Raquel  |e autora  |9 583682 
245 1 0 |a Así vivían en la Grecia antigua 
300 |a 96 p 
942 |c BK 
945 |d 19910827 00:00:00 
260 |a Madrid  |b Anaya  |c 1990 
650 0 |a Vida social y costumbres  |9 258725 
651 0 |a Grecia  |9 265314 
583 |a last modification  |c 19910827 00:00:00  |k Rodrigo Vera 
490 0 |a Colección: Biblioteca Básica. Serie: Historia vida cotidiana 
999 |c 223788  |d 223786 
952 |0 0  |1 0  |4 0  |6 938_000000000000000_LOP_1990  |7 0  |8 A  |9 219931  |a BIBHIS  |b BIBHIS  |d 2019-11-15  |i 2885964  |o 938 LOP 1990  |p 2885964  |r 2025-01-20  |w 2019-11-15  |y BK  |k HIS